000 00620nam a2200181Ia 4500
008 090124s9999 xx 000 0 und d
082 _b19085
_a6302
100 _aबोरकर लक्ष्मीदास
245 _a प्रीत फुलली नभांतरी
250 _a1
260 _c1972
300 _a276
600 _aबोरकर लक्ष्मीदास
630 _a प्रीत फुलली नभांतरी
700 _aबोरकर लक्ष्मीदास
730 _a प्रीत फुलली नभांतरी
942 _cBOOK
999 _c133026
_d133026